| 000 | 00722nam a2200205 a 4500 | ||
|---|---|---|---|
| 005 | 20240924070153.0 | ||
| 008 | 991125s1967 bue 000 0 spa u | ||
| 035 | _aUPN01000022664 | ||
| 049 | _aCG | ||
| 050 | 4 |
_aB841.4 _bS778 |
|
| 245 | 0 | 0 |
_aEstructuralismo, mito y totemismo / _cK. O. L. Burridge... [et al.] ; comp. Edumund Leach ; tr. María Elisa Latorre. |
| 260 |
_aBuenos Aires : _bNueva Visión, _c1967. |
||
| 300 | _a232 p. | ||
| 440 | 3 |
_aEl pensamiento estructuralista ; _v11 |
|
| 534 |
_aTraducción de: _tThe structural study of myth and totemism |
||
| 650 | 2 |
_aEstructuralismo _915389 |
|
| 700 | 1 |
_aBurridge, K. O. L., _ecoaut. |
|
| 700 | 1 |
_aLeach, Edmund Ronald, _d1910-1989 _ecomp. _940225 |
|
| 905 | _aLibro | ||
| 999 |
_c22664 _d22664 |
||